000 01685nam a2200493 i 4500
001 20737
003 KOSZ 005
005 20230112145942.0
008 991116s1982 pl a |000 0 pol
015 _aUWD 1982/5496
020 _a8301044640
035 _a991012088299705066
035 _a(PL-WaBN)b13276372-48omnis_nlop
035 _ab13276372
035 _a(OCoLC)749504539
035 _a(PL)b0000001327637
035 _a(EXLNZ-48OMNIS_NETWORK)9910308717405606
040 _aWA N
_cWA N
_dKR U
_dKOSZ 005/HR
041 0 _apol
046 _k1982
080 _a657.47
080 _a(075.8+076)
100 1 _aBurzym, Elżbieta
_d(1923-2013)
_eAutor
245 1 0 _aRachunek kosztów :
_bzbiór ćwiczeń /
_cElżbieta Burzym, Andrzej Jaklik, Bronisław Micherda.
250 _aWyd. 2 zm.
260 _aWarszawa :
_bPaństwowe Wydawnictwo Naukowe,
_c1982.
300 _a170, [2] s. :
_btab. ;
_c24 cm.
336 _aTekst
_btxt
_2rdacontent
337 _aBez urządzenia pośredniczącego
_bn
_2rdamedia
338 _aWolumin
_bnc
_2rdacarrier
380 _aKsiążki
388 _a1901-2000
388 _a1945-1989
500 _aW niektórych poz. nazwa pierwszej aut. : Burzymowa.
650 7 _aRachunek kosztów
_2DBN
655 7 _aĆwiczenia i zadania
_2DBN
658 _aGospodarka, ekonomia, finanse
700 1 _aJaklik, Andrzej
_eAutor
700 1 _aMicherda, Bronisław
_d(1945-2016)
_eAutor
710 _aPaństwowe Wydawnictwo Naukowe
_4pbl
856 _uhttp://koha.tu.koszalin.pl/cgi-bin/koha/opac-detail.pl?biblionumber=20737
_yKatalog online BPK
942 _2UKD
_cKS
999 _c20737
_d20737